000
00324 a2200121 4500
000
nam a22 7a 4500
005
20260129114756.0
020
_a
9780262049726
100
_a
Kastner, Christian
_9
1112689
245
_a
Machine Learning in Production: From Models to Products
260
_b
MIT Press
_c
2025
942
_c
TEXL
999
_c
1678348
_d
1678348